000 00894nam a22002057a 4500
005 20231229143140.0
010 _aB-756265-268
020 _a9789356403307
_c599.00
035 _aB-756265-268
037 _aBloomsbury Publishing India Pvt. Ltd
082 _22nd
_a380.1
100 _aVarley, Rosemary
_960442
245 _aPrinciples of Retailing/
_cRosemary Varley and Mohammed Rafiq
260 _aNew Delhi
_bBloomsbury Publishing India Pvt. Ltd
_c2023
270 _aSecond Floor, LSC Building No. 4 DDA Complex Pocket C-6 & 7, Vasant Kunj
_bNew Delhi
_e110070
300 _a340p.
_bcol.ill
_c24cm(Pbk)
700 _aMohammed Rafiq
_959387
942 _2ddc
_cEN
_e2nd
_h380.1
_mVAR
999 _c199419
_d199419